Epochs in the life of the apostle John. (Record no. 5139)

000 -LEADER
fixed length control field 00664nam a2200193 a 4500
001 - CONTROL NUMBER
control field :::00002880$&:&@@
003 - CONTROL NUMBER IDENTIFIER
control field OkBaRHE
005 - DATE AND TIME OF LATEST TRANSACTION
control field 20000607103257.0
008 - FIXED-LENGTH DATA ELEMENTS--GENERAL INFORMATION
fixed length control field s1974 j 000 0 eng u
040 ## - CATALOGING SOURCE
Transcribing agency
100 1# - MAIN ENTRY--PERSONAL NAME
Personal name Robertson, A. T. (Archibald Thomas), 1863-1934.
245 10 - TITLE STATEMENT
Title Epochs in the life of the apostle John.
260 ## - PUBLICATION, DISTRIBUTION, ETC. (IMPRINT)
Place of publication, distribution, etc Nashville, TN., :
Name of publisher, distributor, etc Broadman Press
Date of publication, distribution, etc 1974
300 ## - PHYSICAL DESCRIPTION
Extent 253 p. ;
Dimensions 20 cm.
650 ## - SUBJECT ADDED ENTRY--TOPICAL TERM
Topical term or geographic name as entry element Bible New Testament Johannine Literature
General subdivision Criticism, Interpretation, etc.
650 ## - SUBJECT ADDED ENTRY--TOPICAL TERM
Topical term or geographic name as entry element John, Saint, apostle
942 ## - ADDED ENTRY ELEMENTS (KOHA)
Source of classification or shelving scheme
Koha item type Books
Copies
Date last seen Full call number Lost status Barcode Copy number Source of classification or shelving scheme Shelving location Not for loan Date acquired Price effective from Withdrawn status Permanent Location Koha item type Damaged status
2018-03-16BS 2455 .R6 28801 General Stacks 2010-04-142010-04-14 RHEMA Bible Training CollegeBooks